| 000 | 00904cam a2200277 a 4500 | ||
|---|---|---|---|
| 999 |
_c5064 _d5064 |
||
| 001 | 10547 | ||
| 003 | BD-DhUAP | ||
| 005 | 20201129161140.0 | ||
| 008 | 201129r20052002nyua b 001 0 eng | ||
| 020 | _a0824706749 | ||
| 040 |
_aDLC _cDLC _dBD-DhUAP _beng |
||
| 082 | 0 | 0 |
_a615.1 MOD _223 |
| 245 | 0 | 0 |
_aModern pharmaceutics / _cedited by Gilbert S. Banker and Christopher T. Rhodes. |
| 250 | _a4th rev. ed. | ||
| 260 |
_aNew York : _bM. Dekker, _cc2002 [Reprinted 2005]. |
||
| 300 |
_axi, 838 pages : _billustrations ; _c26 cm. |
||
| 490 |
_aDrugs and the pharmaceutical sciences ; _vv. 121 |
||
| 504 | _aIncludes bibliographical references and index. | ||
| 650 | 0 |
_aDrugs _xDosage forms. |
|
| 650 | 0 | _aBiopharmaceutics. | |
| 650 | 0 | _aPharmacokinetics. | |
| 650 | 0 |
_aPharmaceutical industry _xQuality control. |
|
| 700 | 1 | _aBanker, Gilbert S. | |
| 700 | 1 | _aRhodes, Christopher T. | |
| 942 |
_2ddc _cBK |
||